00252nam a2200097Ia 4500008004000000082001100040100001800051245003000069260002600099650002900125210210b1908 xxu||||| |||| 00| 0 eng d a150/68 aMcDOUGALL, W. aPhysiological psychology. abNot Mentionedc1908 aPsysiological psychology